000 00443nam a2200145Ia 4500
008 231129s2012||||xx |||||||||||||| ||spa||
020 _a958-631-096-5
040 _bspa
082 _a922.22 T655Ll
100 _aLlanos Entrepueblos Joaquí­n
245 0 _aTomás de Aquino: circunstancia y biografí­a
260 _c2012
264 _aBogotá Colombia : Universidad Santo Tomás
942 _2ddc
_cBKS
999 _c25503
_d25503